00650nam a22002057a 450000500170000000800410001702000180005804000270007604100080010304400070011110000360011824500320015426000460018630000440023265000390027665000240031565000250033970000360036470000440040020170926091152.0170925b2015 ck ||||| |||| 00| 0 spa d a9789583050701 aCO-BoIAVH cCO-BoIAVH  aspa ack1 aOrozco Velásquez, Diana Maria10aComo cuidar nuestro planeta aBogotá:bPanamericana editorial,c2015. a48 páginasbilustracionesc28 x 25 cm14aRecursos naturalesvConservación14aEcologiavPreguntas14aEcologiavRespuestas aOrozco, Velasquez, Gina Marcela aMontenegro Villalba, Margaritaeeditora